[Event "v4camp2016"]
[Site "?"]
[Date "2016.06.22"]
[Round "2.1"]
[White "Molenda, Marcin"]
[Black "Krzeminski, Sebastian"]
[Result "1-0"]
[BlackElo "1832"]
[WhiteElo "2235"]
[LiveChessVersion "1.4.8"]

1. d4 {[%clk 1:30:56]} d5 {[%clk 1:30:52]} 2. c4 {[%clk 1:31:19]} c6
{[%clk 1:31:09]} 3. Nf3 {[%clk 1:31:40]} Nf6 {[%clk 1:30:40]} 4. Qc2
{[%clk 1:32:01]} e6 {[%clk 1:29:10]} 5. g3 {[%clk 1:32:19]} Nbd7 {[%clk 1:25:54]}
6. Bg2 {[%clk 1:32:41]} Bb4+ {[%clk 1:23:30]} 7. Bd2 {[%clk 1:30:38]} Bxd2+
{[%clk 1:23:11]} 8. Nbxd2 {[%clk 1:31:01]} O-O {[%clk 1:23:05]} 9. O-O
{[%clk 1:31:17]} b6 {[%clk 1:21:35]} 10. e4 {[%clk 1:27:01]} dxe4
{[%clk 1:13:36]} 11. Nxe4 {[%clk 1:27:21]} Nxe4 {[%clk 1:12:47]} 12. Qxe4
{[%clk 1:27:22]} Bb7 {[%clk 1:12:09]} 13. Rac1 {[%clk 1:27:35]} Nf6
{[%clk 1:08:50]} 14. Qe3 {[%clk 1:26:14]} Rc8 {[%clk 1:06:46]} 15. Ne5
{[%clk 1:26:19]} Qe7 {[%clk 1:04:03]} 16. c5 {[%clk 1:25:59]} Nd5
{[%clk 1:00:38]} 17. Qa3 {[%clk 1:24:53]} b5 {[%clk 0:57:16]} 18. Rfe1
{[%clk 1:16:22]} Rfd8 {[%clk 0:53:31]} 19. f4 {[%clk 1:14:04]} Qc7
{[%clk 0:48:15]} 20. Rcd1 {[%clk 1:07:33]} b4 {[%clk 0:46:15]} 21. Qd3
{[%clk 1:07:00]} a5 {[%clk 0:42:04]} 22. f5 {[%clk 1:05:56]} exf5
{[%clk 0:32:12]} 23. Qxf5 {[%clk 1:06:19]} Ba6 {[%clk 0:31:15]} 24. Be4
{[%clk 1:02:25]} g6 {[%clk 0:29:11]} 25. Qg5 {[%clk 1:00:44]} Qe7
{[%clk 0:26:02]} 26. Qh6 {[%clk 1:00:27]} Qf6 {[%clk 0:24:39]} 27. Ng4
{[%clk 0:48:17]} Qg7 {[%clk 0:18:48]} 28. Qg5 {[%clk 0:48:36]} Nc7
{[%clk 0:17:16]} 29. Bxc6 {[%clk 0:44:41]} Ne6 {[%clk 0:16:09]} 30. Qe7
{[%clk 0:45:00]} Rxd4 {[%clk 0:09:46]} 31. Nf6+ {[%clk 0:45:10]} Kh8
{[%clk 0:10:14]} 32. Rxd4 {[%clk 0:45:31]} Nxd4 {[%clk 0:10:28]} 33. Bd5
{[%clk 0:41:32]} Bb5 {[%clk 0:05:50]} 34. Ng4 {[%clk 0:32:10]} h5
{[%clk 0:03:38]} 35. Ne5 {[%clk 0:32:00]} f6 {[%clk 0:03:05]} 36. Nf7+
{[%clk 0:31:09]} Kh7 {[%clk 0:03:19]} 37. Qb7 {[%clk 0:16:08]} Re8
{[%clk 0:02:34]} 38. Re7 {[%clk 0:16:10]} Rxe7 {[%clk 0:02:24]} 39. Qxe7
{[%clk 0:16:38]} Bc6 {[%clk 0:01:45]} 40. Bxc6 {[%clk 0:14:10]} Nxc6
{[%clk 0:02:13]} 41. Qd7 {[%clk 0:14:29]} Nb8 {[%clk 0:00:42]} 42. Qe6
{[%clk 0:14:33]} Na6 {[%clk 0:00:38]} 43. c6 {[%clk 0:14:55]} Qf8
{[%clk 0:00:38]} 44. Qxf6 {[%clk 0:14:03]} Qc5+ {[%clk 0:00:59]} 45. Kg2
{[%clk 0:14:28]} Qc2+ {[%clk 0:01:01]} 46. Kh3 {[%clk 0:14:53]} Qf5+
{[%clk 0:01:19]} 47. Qxf5 {[%clk 0:15:18]} gxf5 {[%clk 0:01:45]} 48. Nd6
{[%clk 0:15:34]} Nc7 {[%clk 0:01:59]} 49. Nxf5 {[%clk 0:15:58]} Kg6
{[%clk 0:02:12]} 50. Ne3 {[%clk 0:16:15]} Kg5 {[%clk 0:02:10]} 51. Nc4
{[%clk 0:16:37]} a4 {[%clk 0:02:13]} 52. Nb6 {[%clk 0:16:43]} b3 {[%clk 0:02:27]}
53. a3 {[%clk 0:17:03]} 1-0

[Event "v4camp2016"]
[Site "?"]
[Date "2016.06.22"]
[Round "2.2"]
[White "Urbanski, Wojciech"]
[Black "Drozniak, Stanislaw"]
[Result "0-1"]
[BlackElo "2179"]
[WhiteElo "1636"]
[LiveChessVersion "1.4.8"]

1. e4 {[%clk 1:30:58]} c5 {[%clk 1:30:54]} 2. Nf3 {[%clk 1:31:24]} d6
{[%clk 1:31:19]} 3. d4 {[%clk 1:31:51]} cxd4 {[%clk 1:31:45]} 4. Nxd4
{[%clk 1:32:17]} Nf6 {[%clk 1:32:09]} 5. Nc3 {[%clk 1:32:42]} g6 {[%clk 1:32:35]}
6. f3 {[%clk 1:32:46]} Bg7 {[%clk 1:33:00]} 7. Be3 {[%clk 1:33:08]} O-O
{[%clk 1:33:25]} 8. Qd2 {[%clk 1:33:04]} Nc6 {[%clk 1:33:50]} 9. O-O-O
{[%clk 1:33:07]} Bd7 {[%clk 1:34:15]} 10. g4 {[%clk 1:32:35]} Rc8
{[%clk 1:34:39]} 11. h4 {[%clk 1:31:08]} Ne5 {[%clk 1:35:04]} 12. h5
{[%clk 1:30:18]} Qa5 {[%clk 1:35:27]} 13. Nb3 {[%clk 1:27:34]} Qc7
{[%clk 1:35:53]} 14. Be2 {[%clk 1:26:21]} b5 {[%clk 1:36:18]} 15. hxg6
{[%clk 1:22:56]} fxg6 {[%clk 1:36:41]} 16. g5 {[%clk 1:20:46]} b4
{[%clk 1:37:07]} 17. Nd5 {[%clk 1:17:46]} Nxd5 {[%clk 1:37:30]} 18. Qxd5+
{[%clk 1:17:45]} e6 {[%clk 1:37:55]} 19. Qd2 {[%clk 1:17:37]} Nxf3
{[%clk 1:37:47]} 20. Bxf3 {[%clk 1:17:01]} Rxf3 {[%clk 1:38:12]} 21. Rh4
{[%clk 1:12:50]} Rxe3 {[%clk 1:37:43]} 22. Rdh1 {[%clk 1:12:18]} Bb5
{[%clk 1:36:57]} 23. R1h2 {[%clk 1:11:00]} Rf3 {[%clk 1:37:10]} 24. Rf4
{[%clk 1:09:52]} Qxc2+ {[%clk 1:36:40]} 25. Qxc2 {[%clk 1:09:51]} Rxc2+
{[%clk 1:37:07]} 26. Rxc2 {[%clk 1:09:59]} Rxf4 {[%clk 1:37:33]} 27. Rc8+
{[%clk 1:10:23]} Rf8 {[%clk 1:37:03]} 28. Rc7 {[%clk 1:10:35]} Rf1+
{[%clk 1:36:49]} 29. Kd2 {[%clk 1:10:46]} Bxb2 {[%clk 1:36:43]} 30. Kc2
{[%clk 1:10:24]} Rf2+ {[%clk 1:36:56]} 31. Kd1 {[%clk 1:10:36]} Bc3
{[%clk 1:36:13]} 32. Rc8+ {[%clk 1:10:17]} Kg7 {[%clk 1:36:34]} 33. Rc7+
{[%clk 1:10:43]} Rf7 {[%clk 1:37:01]} 34. Rc8 {[%clk 1:10:52]} Bd3
{[%clk 1:37:27]} 35. Nd2 {[%clk 1:11:08]} Rf2 {[%clk 1:37:35]} 36. Rc7+
{[%clk 1:11:32]} Kf8 {[%clk 1:37:57]} 0-1

[Event "v4camp2016"]
[Site "?"]
[Date "2016.06.22"]
[Round "2.3"]
[White "Galuszka, Tomasz"]
[Black "Kulesza, Andrzej"]
[Result "1/2-1/2"]
[BlackElo "1618"]
[WhiteElo "1714"]
[LiveChessVersion "1.4.8"]

1. e4 {[%clk 1:30:59]} c5 {[%clk 1:30:51]} 2. Nf3 {[%clk 1:31:22]} Nc6
{[%clk 1:31:14]} 3. d4 {[%clk 1:31:46]} cxd4 {[%clk 1:31:38]} 4. Nxd4
{[%clk 1:32:11]} g6 {[%clk 1:32:01]} 5. c4 {[%clk 1:31:52]} Bg7 {[%clk 1:32:25]}
6. Be3 {[%clk 1:32:10]} Nf6 {[%clk 1:32:29]} 7. Nc3 {[%clk 1:32:29]} O-O
{[%clk 1:32:41]} 8. Be2 {[%clk 1:32:12]} d6 {[%clk 1:32:23]} 9. O-O
{[%clk 1:32:18]} Bd7 {[%clk 1:31:24]} 10. Rc1 {[%clk 1:31:38]} Nxd4
{[%clk 1:30:30]} 11. Bxd4 {[%clk 1:31:57]} Bc6 {[%clk 1:30:44]} 12. f3
{[%clk 1:31:01]} a5 {[%clk 1:30:11]} 13. Qd2 {[%clk 1:26:49]} Nd7
{[%clk 1:25:28]} 14. f4 {[%clk 1:16:04]} Bxd4+ {[%clk 1:24:36]} 15. Qxd4
{[%clk 1:16:32]} Qb6 {[%clk 1:25:01]} 16. Qxb6 {[%clk 1:16:06]} Nxb6
{[%clk 1:25:26]} 17. b3 {[%clk 1:04:51]} Nd7 {[%clk 1:23:57]} 18. Bf3
{[%clk 1:04:06]} Nc5 {[%clk 1:23:12]} 19. Rcd1 {[%clk 1:02:00]} Rfd8
{[%clk 1:21:07]} 20. f5 {[%clk 0:51:31]} f6 {[%clk 1:19:21]} 21. Rd4
{[%clk 0:41:07]} Kf7 {[%clk 1:17:45]} 22. Nd5 {[%clk 0:38:18]} Bxd5
{[%clk 1:16:28]} 23. exd5 {[%clk 0:38:46]} Rh8 {[%clk 1:15:47]} 24. Bd1
{[%clk 0:37:03]} Rag8 {[%clk 1:15:17]} 25. Bc2 {[%clk 0:35:58]} g5
{[%clk 1:15:27]} 26. Kf2 {[%clk 0:32:42]} h5 {[%clk 1:15:08]} 27. h4
{[%clk 0:31:50]} Nd7 {[%clk 1:14:12]} 28. Rh1 {[%clk 0:30:11]} Ne5
{[%clk 1:13:46]} 29. Rdd1 {[%clk 0:26:21]} Ng4+ {[%clk 1:13:01]} 30. Kf3
{[%clk 0:26:16]} 1/2-1/2

[Event "v4camp2016"]
[Site "?"]
[Date "2016.06.22"]
[Round "2.4"]
[White "Waszczuk, Patrycja"]
[Black "Kordela, Monika"]
[Result "1-0"]
[BlackElo "1724"]
[WhiteElo "1798"]
[LiveChessVersion "1.4.8"]

1. e4 {[%clk 1:30:56]} c5 {[%clk 1:30:51]} 2. Nf3 {[%clk 1:31:00]} d6
{[%clk 1:31:13]} 3. d4 {[%clk 1:31:19]} cxd4 {[%clk 1:31:37]} 4. Nxd4
{[%clk 1:31:39]} Nf6 {[%clk 1:31:57]} 5. Nc3 {[%clk 1:31:41]} g6 {[%clk 1:32:19]}
6. Be3 {[%clk 1:31:19]} Bg7 {[%clk 1:32:42]} 7. f3 {[%clk 1:31:41]} O-O
{[%clk 1:33:02]} 8. Qd2 {[%clk 1:31:57]} Nc6 {[%clk 1:33:25]} 9. O-O-O
{[%clk 1:31:17]} Bd7 {[%clk 1:33:42]} 10. g4 {[%clk 1:29:29]} Rc8
{[%clk 1:33:58]} 11. h4 {[%clk 1:28:50]} Ne5 {[%clk 1:34:10]} 12. h5
{[%clk 1:23:41]} Qa5 {[%clk 1:34:24]} 13. Kb1 {[%clk 1:23:25]} Nxf3
{[%clk 1:34:40]} 14. Nxf3 {[%clk 1:21:07]} Rxc3 {[%clk 1:34:47]} 15. Qxc3
{[%clk 1:19:43]} Qxc3 {[%clk 1:35:11]} 16. bxc3 {[%clk 1:20:09]} Bxg4
{[%clk 1:35:38]} 17. Bg2 {[%clk 1:17:46]} Nxe4 {[%clk 1:36:01]} 18. Rd3
{[%clk 1:15:53]} Nxc3+ {[%clk 1:35:09]} 19. Kc1 {[%clk 1:15:53]} Nxa2+
{[%clk 1:33:01]} 20. Kd2 {[%clk 1:16:00]} Nb4 {[%clk 1:29:46]} 21. Rb3
{[%clk 1:15:11]} a5 {[%clk 1:27:31]} 22. h6 {[%clk 1:13:30]} Bh8 {[%clk 1:24:35]}
23. c3 {[%clk 1:13:18]} Be6 {[%clk 1:17:06]} 24. Rb2 {[%clk 1:10:54]} Bd5
{[%clk 1:08:45]} 25. Nh4 {[%clk 1:01:26]} Bxg2 {[%clk 1:04:55]} 26. Nxg2
{[%clk 1:01:44]} Rc8 {[%clk 1:01:38]} 27. Bd4 {[%clk 1:00:11]} Bxd4
{[%clk 0:59:41]} 28. cxd4 {[%clk 1:00:35]} e5 {[%clk 0:58:36]} 29. dxe5
{[%clk 0:59:42]} dxe5 {[%clk 0:58:59]} 30. Rh3 {[%clk 0:59:08]} f5
{[%clk 0:57:50]} 31. Re3 {[%clk 0:56:48]} e4 {[%clk 0:48:17]} 32. Nf4
{[%clk 0:56:52]} Rd8+ {[%clk 0:45:49]} 33. Ke2 {[%clk 0:57:07]} Rd6
{[%clk 0:44:59]} 34. Rd2 {[%clk 0:53:17]} Rb6 {[%clk 0:42:59]} 35. Rd8+
{[%clk 0:53:18]} Kf7 {[%clk 0:43:21]} 36. Rd7+ {[%clk 0:53:19]} Kg8
{[%clk 0:43:14]} 37. Rc3 {[%clk 0:52:34]} Rc6 {[%clk 0:38:55]} 38. Rxc6
{[%clk 0:52:39]} Nxc6 {[%clk 0:37:40]} 39. Rg7+ {[%clk 0:52:58]} Kh8
{[%clk 0:37:00]} 40. Rxb7 {[%clk 0:53:13]} Kg8 {[%clk 0:33:05]} 41. Rg7+
{[%clk 0:53:34]} 1-0

[Event "v4camp2016"]
[Site "?"]
[Date "2016.06.22"]
[Round "2.5"]
[White "Buco, Martin"]
[Black "Kuna, Martin"]
[Result "0-1"]
[BlackElo "1861"]
[WhiteElo "1689"]
[LiveChessVersion "1.4.8"]

1. e4 {[%clk 1:30:57]} c5 {[%clk 1:30:17]} 2. Nc3 {[%clk 1:30:42]} d6
{[%clk 1:30:17]} 3. f4 {[%clk 1:30:56]} e6 {[%clk 1:30:09]} 4. Nf3
{[%clk 1:30:30]} Nf6 {[%clk 1:29:50]} 5. Bb5+ {[%clk 1:30:58]} Bd7
{[%clk 1:30:06]} 6. Bxd7+ {[%clk 1:27:54]} Nbxd7 {[%clk 1:30:27]} 7. d3
{[%clk 1:28:08]} g6 {[%clk 1:30:18]} 8. O-O {[%clk 1:22:18]} Bg7 {[%clk 1:27:18]}
9. f5 {[%clk 1:09:07]} exf5 {[%clk 1:19:26]} 10. Qe1 {[%clk 1:06:24]} O-O
{[%clk 1:13:18]} 11. Qh4 {[%clk 1:04:11]} fxe4 {[%clk 1:04:51]} 12. dxe4
{[%clk 1:04:27]} Nh5 {[%clk 1:03:30]} 13. Bg5 {[%clk 1:02:55]} Bf6
{[%clk 1:01:38]} 14. g4 {[%clk 0:58:29]} Nf4 {[%clk 0:54:52]} 15. Kh1
{[%clk 0:52:39]} Ne6 {[%clk 0:50:19]} 16. Bxf6 {[%clk 0:47:51]} Qxf6
{[%clk 0:50:05]} 17. Qg3 {[%clk 0:43:14]} Qf4 {[%clk 0:36:54]} 18. Qxf4
{[%clk 0:43:03]} Nxf4 {[%clk 0:37:23]} 19. Nd2 {[%clk 0:43:29]} Ne6
{[%clk 0:36:32]} 20. Nc4 {[%clk 0:43:53]} Ne5 {[%clk 0:36:50]} 21. Nxe5
{[%clk 0:35:45]} dxe5 {[%clk 0:37:17]} 22. Nd5 {[%clk 0:36:08]} Ng5
{[%clk 0:35:16]} 23. Nf6+ {[%clk 0:35:38]} Kg7 {[%clk 0:35:37]} 24. h4
{[%clk 0:36:03]} Ne6 {[%clk 0:34:50]} 25. Nd7 {[%clk 0:26:44]} Rfe8
{[%clk 0:32:41]} 26. Rad1 {[%clk 0:23:48]} Rad8 {[%clk 0:28:32]} 27. g5
{[%clk 0:14:41]} b6 {[%clk 0:23:47]} 28. Rd5 {[%clk 0:11:55]} Nf4
{[%clk 0:21:34]} 29. Rxe5 {[%clk 0:10:43]} Rxe5 {[%clk 0:20:40]} 30. Nxe5
{[%clk 0:11:09]} Re8 {[%clk 0:21:03]} 31. Rxf4 {[%clk 0:10:38]} Rxe5
{[%clk 0:21:32]} 32. Kg2 {[%clk 0:10:56]} h6 {[%clk 0:19:58]} 33. Rg4
{[%clk 0:07:45]} hxg5 {[%clk 0:18:57]} 34. hxg5 {[%clk 0:08:12]} f5
{[%clk 0:18:07]} 35. gxf6+ {[%clk 0:07:49]} Kxf6 {[%clk 0:18:25]} 36. Kf3
{[%clk 0:07:23]} Rh5 {[%clk 0:17:29]} 37. Rg2 {[%clk 0:06:43]} Rg5
{[%clk 0:16:04]} 38. Rd2 {[%clk 0:06:18]} Re5 {[%clk 0:12:51]} 39. Rd5
{[%clk 0:04:25]} Rxd5 {[%clk 0:12:13]} 40. exd5 {[%clk 0:04:54]} c4
{[%clk 0:12:42]} 41. b3 {[%clk 0:03:54]} b5 {[%clk 0:12:45]} 42. Kf4
{[%clk 0:03:05]} g5+ {[%clk 0:12:39]} 43. Ke4 {[%clk 0:02:36]} a5
{[%clk 0:06:19]} 44. a4 {[%clk 0:01:30]} bxa4 {[%clk 0:06:38]} 45. bxa4
{[%clk 0:01:58]} c3 {[%clk 0:06:41]} 46. Kf3 {[%clk 0:00:56]} Ke5
{[%clk 0:06:38]} 47. Kg4 {[%clk 0:00:51]} Kxd5 {[%clk 0:07:02]} 48. Kxg5
{[%clk 0:01:18]} Kc4 {[%clk 0:07:26]} 49. Kf4 {[%clk 0:01:30]} Kb4
{[%clk 0:07:43]} 50. Ke4 {[%clk 0:01:55]} Kxa4 {[%clk 0:07:47]} 51. Kd3
{[%clk 0:01:36]} Kb4 {[%clk 0:07:55]} 52. Ke2 {[%clk 0:01:50]} Ka3
{[%clk 0:08:19]} 0-1

[Event "v4camp2016"]
[Site "?"]
[Date "2016.06.22"]
[Round "2.6"]
[White "Krupa, Miroslav"]
[Black "Poliakova, Emma"]
[Result "1/2-1/2"]
[BlackElo "1826"]
[WhiteElo "1889"]
[LiveChessVersion "1.4.8"]

1. e4 {[%clk 1:30:45]} c5 {[%clk 1:30:51]} 2. Nf3 {[%clk 1:31:12]} Nc6
{[%clk 1:31:03]} 3. d4 {[%clk 1:31:36]} cxd4 {[%clk 1:31:26]} 4. Nxd4
{[%clk 1:32:01]} Nf6 {[%clk 1:31:47]} 5. Nc3 {[%clk 1:32:25]} e5 {[%clk 1:31:48]}
6. Ndb5 {[%clk 1:32:50]} d6 {[%clk 1:32:12]} 7. Bg5 {[%clk 1:33:08]} a6
{[%clk 1:32:11]} 8. Na3 {[%clk 1:33:32]} b5 {[%clk 1:32:35]} 9. Bxf6
{[%clk 1:33:05]} gxf6 {[%clk 1:32:52]} 10. Nd5 {[%clk 1:33:25]} Bg7
{[%clk 1:32:16]} 11. g3 {[%clk 1:33:43]} Ne7 {[%clk 1:27:32]} 12. Nxe7
{[%clk 1:33:56]} Qxe7 {[%clk 1:27:29]} 13. Bg2 {[%clk 1:34:16]} O-O
{[%clk 1:24:03]} 14. O-O {[%clk 1:34:33]} Bb7 {[%clk 1:22:39]} 15. c3
{[%clk 1:34:08]} Qd7 {[%clk 1:03:24]} 16. Nc2 {[%clk 1:32:58]} f5
{[%clk 1:02:50]} 17. exf5 {[%clk 1:32:57]} Bxg2 {[%clk 1:02:29]} 18. Kxg2
{[%clk 1:33:16]} Qxf5 {[%clk 1:02:06]} 19. Ne3 {[%clk 1:30:50]} Qd7
{[%clk 0:57:02]} 20. Kg1 {[%clk 1:25:52]} Rad8 {[%clk 0:53:19]} 21. Nd5
{[%clk 1:01:20]} f5 {[%clk 0:44:16]} 22. Qh5 {[%clk 0:57:38]} Rde8
{[%clk 0:33:39]} 23. Rae1 {[%clk 0:52:06]} Re6 {[%clk 0:30:16]} 24. Qe2
{[%clk 0:44:30]} Rh6 {[%clk 0:27:52]} 25. f3 {[%clk 0:42:32]} Qf7
{[%clk 0:24:10]} 26. Qd2 {[%clk 0:39:27]} Kh8 {[%clk 0:22:15]} 27. b3
{[%clk 0:37:02]} Rg6 {[%clk 0:19:06]} 28. Kh1 {[%clk 0:34:08]} Rg8
{[%clk 0:16:30]} 29. Nb4 {[%clk 0:29:44]} Qb7 {[%clk 0:13:57]} 1/2-1/2

[Event "v4camp2016"]
[Site "?"]
[Date "2016.06.22"]
[Round "2.7"]
[White "Bielik, Jakub"]
[Black "Batora, Matej"]
[Result "1-0"]
[BlackElo "1897"]
[WhiteElo "1715"]
[LiveChessVersion "1.4.8"]

1. e4 {[%clk 1:30:58]} c5 {[%clk 1:30:57]} 2. Nc3 {[%clk 1:31:23]} d6
{[%clk 1:31:23]} 3. f4 {[%clk 1:31:40]} Nc6 {[%clk 1:29:12]} 4. Bb5
{[%clk 1:31:57]} Bd7 {[%clk 1:27:21]} 5. Nf3 {[%clk 1:31:57]} e6 {[%clk 1:13:16]}
6. O-O {[%clk 1:30:26]} g6 {[%clk 1:05:39]} 7. d3 {[%clk 1:28:49]} Nge7
{[%clk 1:03:23]} 8. Be3 {[%clk 1:18:59]} Bg7 {[%clk 0:57:16]} 9. Bxc6
{[%clk 1:18:01]} Bxc6 {[%clk 0:51:33]} 10. d4 {[%clk 1:17:01]} Qb6
{[%clk 0:43:43]} 11. Rb1 {[%clk 1:06:25]} c4 {[%clk 0:39:28]} 12. Qe1
{[%clk 0:59:36]} d5 {[%clk 0:38:55]} 13. e5 {[%clk 0:59:08]} a5 {[%clk 0:35:32]}
14. Nd2 {[%clk 0:37:48]} O-O {[%clk 0:31:21]} 15. g4 {[%clk 0:35:28]} Rfc8
{[%clk 0:30:35]} 16. Qh4 {[%clk 0:35:29]} Qd8 {[%clk 0:29:09]} 17. Rf3
{[%clk 0:33:45]} b5 {[%clk 0:22:33]} 18. f5 {[%clk 0:30:38]} exf5
{[%clk 0:22:46]} 19. Bg5 {[%clk 0:30:30]} Ra7 {[%clk 0:17:08]} 20. Rh3
{[%clk 0:30:44]} Qb6 {[%clk 0:13:26]} 21. gxf5 {[%clk 0:17:01]} Nxf5
{[%clk 0:13:25]} 22. Qxh7+ {[%clk 0:17:23]} Kf8 {[%clk 0:13:50]} 23. Qh8+
{[%clk 0:17:26]} 1-0

[Event "v4camp2016"]
[Site "?"]
[Date "2016.06.22"]
[Round "2.8"]
[White "Hlavinova, Martina"]
[Black "Hrebicik, David"]
[Result "0-1"]
[BlackElo "1721"]
[WhiteElo "1318"]
[LiveChessVersion "1.4.8"]

1. e4 {[%clk 1:30:30]} c5 {[%clk 1:30:30]} 2. Nf3 {[%clk 1:30:30]} d6
{[%clk 1:30:47]} 3. d4 {[%clk 1:30:44]} cxd4 {[%clk 1:31:07]} 4. Nxd4
{[%clk 1:31:07]} Nf6 {[%clk 1:31:32]} 5. f3 {[%clk 1:31:26]} a6 {[%clk 1:31:53]}
6. c4 {[%clk 1:31:48]} e6 {[%clk 1:31:32]} 7. Nc3 {[%clk 1:28:18]} Qc7
{[%clk 1:27:21]} 8. Be3 {[%clk 1:26:10]} Nbd7 {[%clk 1:21:13]} 9. Be2
{[%clk 1:23:51]} Be7 {[%clk 1:18:19]} 10. O-O {[%clk 1:23:31]} b6
{[%clk 1:17:42]} 11. Qd2 {[%clk 1:22:22]} Bb7 {[%clk 1:17:43]} 12. Rac1
{[%clk 1:19:36]} Rc8 {[%clk 1:12:43]} 13. Nd1 {[%clk 1:05:54]} O-O
{[%clk 1:00:24]} 14. Nf2 {[%clk 1:04:58]} Nc5 {[%clk 0:58:23]} 15. Rfd1
{[%clk 0:59:50]} Rfd8 {[%clk 0:55:19]} 16. Qe1 {[%clk 0:38:35]} Qb8
{[%clk 0:50:53]} 17. Nh3 {[%clk 0:37:19]} d5 {[%clk 0:45:27]} 18. cxd5
{[%clk 0:36:07]} exd5 {[%clk 0:45:30]} 19. Nf5 {[%clk 0:33:50]} Bd6
{[%clk 0:43:21]} 20. Nxd6 {[%clk 0:31:30]} Qxd6 {[%clk 0:43:05]} 21. exd5
{[%clk 0:30:45]} Nxd5 {[%clk 0:38:56]} 22. Bc4 {[%clk 0:18:28]} Qe7
{[%clk 0:36:05]} 23. Bg5 {[%clk 0:14:38]} Qxe1+ {[%clk 0:35:21]} 24. Rxe1
{[%clk 0:15:04]} f6 {[%clk 0:33:36]} 25. Bh4 {[%clk 0:14:35]} Kf8
{[%clk 0:33:27]} 26. Nf2 {[%clk 0:12:21]} Re8 {[%clk 0:24:07]} 27. Nd3
{[%clk 0:10:28]} Ne3 {[%clk 0:14:26]} 28. Nxc5 {[%clk 0:09:57]} Rxc5
{[%clk 0:14:50]} 29. Bb3 {[%clk 0:08:32]} Rxc1 {[%clk 0:06:26]} 30. Rxc1
{[%clk 0:08:49]} Bd5 {[%clk 0:06:06]} 31. Bxd5 {[%clk 0:08:36]} Nxd5
{[%clk 0:06:35]} 32. Re1 {[%clk 0:07:19]} Rc8 {[%clk 0:06:23]} 33. Bf2
{[%clk 0:06:56]} Rc2 {[%clk 0:06:11]} 34. Bd4 {[%clk 0:07:03]} Nf4
{[%clk 0:05:40]} 35. Bxb6 {[%clk 0:05:27]} Rxg2+ {[%clk 0:05:36]} 36. Kh1
{[%clk 0:05:15]} Rxb2 {[%clk 0:05:39]} 37. Bc5+ {[%clk 0:05:32]} Kf7
{[%clk 0:04:45]} 38. a3 {[%clk 0:05:10]} Kg6 {[%clk 0:03:56]} 39. Rg1+
{[%clk 0:05:17]} Kh5 {[%clk 0:02:52]} 40. Rxg7 {[%clk 0:04:07]} Ne6
{[%clk 0:02:18]} 41. Rxh7+ {[%clk 0:03:52]} Kg6 {[%clk 0:02:35]} 42. Rh4
{[%clk 0:02:20]} Nxc5 {[%clk 0:02:56]} 43. Rg4+ {[%clk 0:02:25]} Kf7
{[%clk 0:02:46]} 44. h4 {[%clk 0:01:44]} Rb3 {[%clk 0:02:20]} 45. Kg2
{[%clk 0:01:52]} Rxa3 {[%clk 0:02:16]} 46. h5 {[%clk 0:02:10]} Ne6
{[%clk 0:01:57]} 47. h6 {[%clk 0:00:45]} Ng5 {[%clk 0:01:50]} 48. f4
{[%clk 0:01:04]} Ra4 {[%clk 0:01:17]} 49. Kg3 {[%clk 0:01:11]} a5
{[%clk 0:00:41]} 50. Kh4 {[%clk 0:00:36]} Rb4 {[%clk 0:00:38]} 51. Kh5
{[%clk 0:00:39]} a4 {[%clk 0:00:39]} 52. fxg5 {[%clk 0:00:35]} Rxg4
{[%clk 0:00:56]} 53. g6+ {[%clk 0:00:37]} Rxg6 {[%clk 0:01:19]} 54. h7
{[%clk 0:00:59]} Rg8 {[%clk 0:01:07]} 0-1

[Event "v4camp2016"]
[Site "?"]
[Date "2016.06.22"]
[Round "2.9"]
[White "Brnusak, Andrej"]
[Black "Bubnov, Kirill"]
[Result "0-1"]
[BlackElo "2163"]
[WhiteElo "1668"]
[LiveChessVersion "1.4.8"]

1. e4 {[%clk 1:30:57]} e6 {[%clk 1:30:51]} 2. d4 {[%clk 1:31:13]} d5
{[%clk 1:31:16]} 3. Nc3 {[%clk 1:31:21]} Bb4 {[%clk 1:31:41]} 4. exd5
{[%clk 1:31:14]} exd5 {[%clk 1:32:02]} 5. Bd3 {[%clk 1:30:59]} Nc6
{[%clk 1:31:08]} 6. Nge2 {[%clk 1:29:09]} Nf6 {[%clk 1:29:54]} 7. O-O
{[%clk 1:27:12]} Bg4 {[%clk 1:27:32]} 8. f3 {[%clk 1:24:46]} Be6 {[%clk 1:26:34]}
9. a3 {[%clk 1:22:52]} Ba5 {[%clk 1:25:27]} 10. Na4 {[%clk 1:18:46]} Bb6
{[%clk 1:20:46]} 11. Nxb6 {[%clk 1:17:14]} axb6 {[%clk 1:21:10]} 12. b3
{[%clk 1:11:21]} O-O {[%clk 1:19:02]} 13. Bb2 {[%clk 1:09:10]} Ne7
{[%clk 1:18:40]} 14. Nf4 {[%clk 1:06:30]} Bf5 {[%clk 1:18:22]} 15. Bxf5
{[%clk 1:03:40]} Nxf5 {[%clk 1:18:46]} 16. Qd2 {[%clk 1:02:43]} Qd6
{[%clk 1:17:41]} 17. Rfe1 {[%clk 0:59:16]} Nd7 {[%clk 1:14:57]} 18. a4
{[%clk 0:54:24]} Rfe8 {[%clk 1:14:41]} 19. Nd3 {[%clk 0:51:34]} Qg6
{[%clk 1:07:06]} 20. Rxe8+ {[%clk 0:47:45]} Rxe8 {[%clk 1:07:23]} 21. Re1
{[%clk 0:47:15]} Rd8 {[%clk 1:01:41]} 22. Ne5 {[%clk 0:44:37]} Nxe5
{[%clk 1:01:50]} 23. Rxe5 {[%clk 0:44:55]} f6 {[%clk 0:57:41]} 24. Re6
{[%clk 0:40:15]} h5 {[%clk 0:52:56]} 25. Qe1 {[%clk 0:34:12]} h4 {[%clk 0:52:44]}
26. h3 {[%clk 0:32:34]} Ng3 {[%clk 0:49:59]} 27. Qc3 {[%clk 0:27:20]} c6
{[%clk 0:48:58]} 28. Bc1 {[%clk 0:21:43]} Re8 {[%clk 0:47:32]} 29. Rxe8+
{[%clk 0:20:42]} Qxe8 {[%clk 0:47:59]} 30. Qe3 {[%clk 0:20:18]} Qg6
{[%clk 0:46:14]} 31. Qf2 {[%clk 0:19:08]} Qf5 {[%clk 0:45:10]} 32. Be3
{[%clk 0:17:36]} Qe6 {[%clk 0:44:51]} 33. Bf4 {[%clk 0:16:05]} Ne2+
{[%clk 0:45:18]} 0-1